000 01048nam a2200265Ia 4500
003 OSt
005 20221005111525.0
006 a|||||r|||| 00| 0
007 ta
008 221004b |||||||| |||| 00| 0 tel d
020 _a8126001399 (pbk)
_cINR 140.00
024 _a37518
037 _bBW/1665, 14/03/2018, Bookwell
_cTextual
040 _aCRL
_cCRL
_btel
041 _2tel
_atel
082 _aO35,3NGO,PP, 152N7
100 _aगोपीचन्द, त्रिपुरनेनि, ले.
245 0 _aपं. परमेश्वर शास्त्री की वसीयत
246 _aPanparameshvar shāstrī kī vasīyata
260 _aनई दिल्ली
_bसाहित्य अकादेमी भारत
_c1997
300 _a213पृ0
_ccm.
650 _aतेलुगु कहानी
942 _hO35,3NGO,PP, 152N7
_cTEXL
_2cc
999 _c1022088
_d1022088